Ekonomický model hodnoty designu

Príspevok sa zaoberá výpočtom hodnoty dizajnu pomocou výskumnej metódy experimentu, ktorá je podporovaná ďalšími výskumnými metódami: modelovaním a štruktúrovaným dotazovaním. Vstupné hodnoty do modelu, ktoré predstavujú názory manažérov firiem na dizajn, sa získavajú pomocou stolovej hry, ktorá pos...

Descrizione completa

Salvato in:
Dettagli Bibliografici
Autore principale: Šviráková, Eva
Natura: Capitolo di libro
Lingua:ceco
Soggetti:
Tags: Aggiungi Tag
Nessun Tag, puoi essere il primo ad aggiungerne!!

MARC

LEADER 00000naa a2200000 4500
001 0303055
005 20240711083446.2
041 0 |a cze 
044 |a CZ 
245 1 0 |a Ekonomický model hodnoty designu  |c Eva Šviráková 
520 |a Príspevok sa zaoberá výpočtom hodnoty dizajnu pomocou výskumnej metódy experimentu, ktorá je podporovaná ďalšími výskumnými metódami: modelovaním a štruktúrovaným dotazovaním. Vstupné hodnoty do modelu, ktoré predstavujú názory manažérov firiem na dizajn, sa získavajú pomocou stolovej hry, ktorá poskytuje účastníkom výskumu atraktívne a ľahko pochopiteľné používateľské rozhranie. 
610 2 0 |a dizajn 
610 2 0 |a stratégia marketingová 
610 2 0 |a stratégia podnikateľská 
610 2 0 |a používatelia 
100 1 |a Šviráková, Eva